|
|
|
|
| LEADER |
02157nam a2200577 i 4500 |
| 001 |
nkc20193161519 |
| 003 |
CZ PrNK |
| 005 |
20200108084936.0 |
| 007 |
ta |
| 008 |
191210s2019 xr a b f 000 0 slo |
| 015 |
|
|
|a cnb003161519
|
| 020 |
|
|
|a 978-80-00-05604-3
|q (vázáno)
|
| 035 |
|
|
|a (OCoLC)1135587125
|
| 040 |
|
|
|a ABA001
|b cze
|e rda
|
| 041 |
1 |
|
|a slo
|h cze
|
| 043 |
|
|
|a x------
|
| 072 |
|
7 |
|a 398
|x Folklor. Lidové tradice
|2 Konspekt
|9 1
|
| 072 |
|
7 |
|a 0/9-053.2
|x Literatura pro děti a mládež (naučná)
|2 Konspekt
|9 26
|
| 080 |
|
|
|a 398.4
|2 MRF
|
| 080 |
|
|
|a 398.42
|2 MRF
|
| 080 |
|
|
|a (100)
|2 MRF
|
| 080 |
|
|
|a (0.053.2)
|2 MRF
|
| 100 |
1 |
|
|a Antczak, Patrik
|7 mzk2017941512
|4 ill
|
| 240 |
1 |
0 |
|a Světový atlas strašidel a duchů.
|l Slovensky
|
| 245 |
1 |
0 |
|a Svetový atlas strašidiel a duchov /
|c Patrik Antczak, Petra Bartíková, Štěpánka Sekaninová a Katarína Belejová ; preložila Mária Haraštová
|
| 250 |
|
|
|a 1. vydanie
|
| 264 |
|
1 |
|a V Prahe :
|b Albatros,
|c 2019
|
| 300 |
|
|
|a 87 stran :
|b barevné ilustrace ;
|c 34 cm
|
| 336 |
|
|
|a text
|b txt
|2 rdacontent
|
| 336 |
|
|
|a statický obraz
|b sti
|2 rdacontent
|
| 337 |
|
|
|a bez média
|b n
|2 rdamedia
|
| 338 |
|
|
|a svazek
|b nc
|2 rdacarrier
|
| 500 |
|
|
|a "Ilustroval Patrik Antczak"--Tiráž
|
| 500 |
|
|
|a Přeloženo z češtiny
|
| 521 |
8 |
|
|a Pro čtenáře od 6 let
|
| 650 |
0 |
7 |
|a nadpřirozené bytosti
|7 ph123156
|z země světa
|2 czenas
|
| 650 |
0 |
7 |
|a strašidla
|7 ph126133
|z země světa
|2 czenas
|
| 650 |
0 |
9 |
|a supernatural beings
|z countries of the world
|2 eczenas
|
| 650 |
0 |
9 |
|a fairies
|z countries of the world
|2 eczenas
|
| 655 |
|
7 |
|a publikace pro děti
|7 fd133156
|2 czenas
|
| 655 |
|
9 |
|a children's literature
|2 eczenas
|
| 700 |
1 |
|
|a Bartíková, Petra,
|d 1984-
|7 xx0213734
|4 aut
|
| 700 |
1 |
|
|a Sekaninová, Štěpánka
|7 ola2017959546
|4 aut
|
| 700 |
1 |
|
|a Belejová, Katarína
|7 jo2016914430
|4 aut
|
| 700 |
1 |
|
|a Haraštová, Mária
|4 trl
|
| 910 |
2 |
|
|a BOA001
|b 4-1439.267
|
| 928 |
9 |
|
|a Albatros Media - Albatros
|
| 990 |
|
|
|a BK
|
| 995 |
|
|
|a 01
|
| 991 |
|
|
|b 201912
|c NOV
|
| 996 |
6 |
|
|b 2610808373
|c 4-1439.267
|l MZK
|r Sklad / do 1 hodiny
|n 0
|p p.v.
|w 001770946
|u 000010
|a 1
|e BOA001
|j MZK50
|s P
|